Salvador Dali's art and writing, 1927-1942 : (Record no. 26264)

000 -LEADER
fixed length control field 01405cam a2200313 a 4500
001 - CONTROL NUMBER
control field 2560002
005 - DATE AND TIME OF LATEST TRANSACTION
control field 20170203145919.0
008 - FIXED-LENGTH DATA ELEMENTS--GENERAL INFORMATION
fixed length control field 950426s1996 enka b 001 0 eng
010 ## - LIBRARY OF CONGRESS CONTROL NUMBER
LC control number 95016561
020 ## - INTERNATIONAL STANDARD BOOK NUMBER
International Standard Book Number 0521497477 (hc)
050 00 - LIBRARY OF CONGRESS CALL NUMBER
Classification number ND813 .D3F56 1996
100 1# - MAIN ENTRY--PERSONAL NAME
Personal name Finkelstein, Haim N.,
Dates associated with a name 1940-
245 10 - TITLE STATEMENT
Title Salvador Dali's art and writing, 1927-1942 :
Remainder of title the metamorphoses of Narcissus /
Statement of responsibility, etc. Haim Finkelstein.
260 ## - PUBLICATION, DISTRIBUTION, ETC. (IMPRINT)
Place of publication, distribution, etc. Cambridge ;
-- New York :
Name of publisher, distributor, etc. Cambridge University Press,
Date of publication, distribution, etc. 1996.
300 ## - PHYSICAL DESCRIPTION
Extent xvi, 334 p. :
Other physical details ill. ;
Dimensions 26 cm.
440 #0 - SERIES STATEMENT/ADDED ENTRY--TITLE
Title RES monographs on anthropology and aesthetics
504 ## - BIBLIOGRAPHY, ETC. NOTE
Bibliography, etc Includes bibliographical references (p. 312-317) and indexes.
600 10 - SUBJECT ADDED ENTRY--PERSONAL NAME
Personal name Dalí, Salvador,
Dates associated with a name 1904-1989
General subdivision Criticism and interpretation.
600 10 - SUBJECT ADDED ENTRY--PERSONAL NAME
Personal name Dalí, Salvador,
Dates associated with a name 1904-1989
General subdivision Aesthetics.
856 42 - ELECTRONIC LOCATION AND ACCESS
Materials specified Publisher description
Uniform Resource Identifier <a href="http://www.loc.gov/catdir/description/cam027/95016561.html">http://www.loc.gov/catdir/description/cam027/95016561.html</a>
856 41 - ELECTRONIC LOCATION AND ACCESS
Materials specified Table of contents
Uniform Resource Identifier <a href="http://www.loc.gov/catdir/toc/cam025/95016561.html">http://www.loc.gov/catdir/toc/cam025/95016561.html</a>
942 ## - ADDED ENTRY ELEMENTS (KOHA)
Source of classification or shelving scheme
Koha item type Hard Covered Materials
Holdings
Withdrawn status Lost status Source of classification or shelving scheme Damaged status Not for loan Home library Current library Shelving location Date acquired Source of acquisition Total Checkouts Full call number Barcode Date last seen Price effective from Koha item type
          MACHAKOS UNIVERSITY LIBRARY MACHAKOS UNIVERSITY LIBRARY Technical section 03/02/2017 Donation(BFA)   ND813 .D3F56 1996 34053 08/06/2018 03/02/2017 Hard Covered Materials
© Machakos University Library, Along The Highway, Machakos Wote Rd, Machakos, Kenya P.O. Box 136 - 90100 Machakos - Kenya

Tel: ( +254 ) 723 805829 OR Fax : 044-20353 OR Email: library@mksu.ac.ke